| 000 | 00810nam a22001937a 4500 | ||
|---|---|---|---|
| 003 | OSt | ||
| 005 | 20260225144632.0 | ||
| 008 | 260225b |||||||| |||| 00| 0 eng d | ||
| 040 | _c1 | ||
| 082 | _aDPer 372.21 C437 Jan-Dec 2024 v.100 n.1-6 | ||
| 100 |
_aChernicoff, Leandro _eauthor. _969854 |
||
| 245 |
_aThe Educators We Can Be : _bSupporting Social-Emotional Competence in Mexican Preschools / _cLeandro Chernicoff and Daniela Labra |
||
| 260 |
_aAbingdon, Oxfordshire. UK. _bRoutledge , _cJanuary/February 2024. |
||
| 300 |
_aVolume 100, pages 28-43 : _billustration ; _c27.5 cm. |
||
| 500 | _aChildhood Education Innovations, vol. 100, no. 1, pages 2, pages 28-43, january-February 2024. | ||
| 700 |
_aChernicoff, Leandro _eauthor. _969854 |
||
| 700 |
_aLabra, Daniela. _eauthor. _969855 |
||
| 942 |
_2ddc _cPER |
||
| 999 |
_c24369 _d24369 |
||